Μειονότητες μιλούν για την εκπαίδευση των παιδιών τους : εκπαίδευση γλωσσικών μειονοτήτων
Saved in:
| Main Author: | |
|---|---|
| Other Authors: | |
| Format: | Book |
| Language: | Greek |
| Published: |
Αθήνα :
Επίκεντρο,
[2007].
|
| Subjects: | |
| Tags: |
Add Tag
No Tags, Be the first to tag this record!
|
MARC
| LEADER | 00000cam a2200000 i 4500 | ||
|---|---|---|---|
| 001 | 1/62539 | ||
| 008 | 071112s2007 gr | ||| |||| ||gre|| | ||
| 020 | |a 9789604581399 | ||
| 035 | |l 10092214 | ||
| 040 | |a GR-MY-UA |b gre |e aacr | ||
| 041 | 0 | |a gre | |
| 082 | 7 | |a 371.85 |2 (22) | |
| 100 | 1 | |a Τρέσσου, Ευαγγελία. | |
| 245 | 1 | 0 | |a Μειονότητες μιλούν για την εκπαίδευση των παιδιών τους : |b εκπαίδευση γλωσσικών μειονοτήτων / |c Ευαγγελία Τρέσσου, Σούλα Μητακίδου. |
| 260 | |a Αθήνα : |b Επίκεντρο, |c [2007]. | ||
| 300 | |a 302 σ. ; |c 24 εκ. | ||
| 504 | |a Περιλαμβάνει βιβλιογραφικές παραπομπές και ευρετήριο. | ||
| 650 | 0 | 0 | |a Minorities |x Education |z Greece. |
| 650 | 0 | 0 | |a Educational equalization |z Greece. |
| 700 | 1 | |a Μητακίδου, Σούλα. | |
| 852 | |a INST |b RHODES |e 20071112 |h 371.85 ΤΡΕ |p 005400025228 |q 005400025228 |t BK |y 0 | ||
| 901 | |a BIBL4-2007-3 | ||
| 909 | |a Ρ |b 128120 | ||
| 970 | |a ΜΙΣΣΟΣ |b ΣΤΑΥΡΟΣ |z 2007/11/12 | ||